| 000 | 005590000a22002050004500 | ||
|---|---|---|---|
| 020 | _a0-311-09074-5 | ||
| 041 | 0 | _aSPA | |
| 082 | 0 | 4 | _aG 230 U75e |
| 100 | 1 | _aUreta, Floreal | |
| 245 | 1 | 0 | _aElementos de teología cristiana : Una introducción general / Floreal Ureta |
| 250 | _a1 | ||
| 260 | _aEl Paso, TX., USA : Casa Bautista de Publicaciones | ||
| 300 | _a295 Pag | ||
| 650 | 1 | 4 | _aTEOLOGIA DOGMATICA |
| 001 | 3342 | ||
| 942 | _cBK | ||
| 999 |
_c34019 _d34019 |
||
| 336 |
_atexto _btxt _2rdacontent |
||
| 337 |
_2rdamedia _asin mediación _bn |
||
| 338 |
_2rdacarrier _avolumen _bnc |
||